000 00480nam a2200181Ia 4500
003 GCL
008 140319s9999 xx 000 0 ara d
040 _aGCL /
_cGCL
082 0 4 _a276.1
_bب ص
100 1 _aبخيت متى
245 1 0 _aصاحب المسكان الاولى /
_cبخيت متى
260 _a[S.N] :
_bدار الثقافة المسيحية ،
_c1992
300 _a149
490 _a
650 0 4 _aالعلم
650 0 4 _aاللاهوت
942 _2ddc
_cBK
999 _c52789
_d52789